00357nam a2200145Ia 4500008004100000020001800041082000800059100001600067245004100083250000600124260003100130300001000161500002400171650001600195230524s9999 xx 000 0 und d a9789385152467 bANK aAnkit Fadia 0aStretch your Technology Productivity a1 a New DelhibWestlandc2015 a146p; aQuantity Number: 1 aMisalliance